Vista normal Vista MARC

Entrada Personal Name

Número de registros utilizados en: 1

001 - CONTROL NUMBER

  • control field: 44084

003 - CONTROL NUMBER IDENTIFIER

  • control field: OSt

005 - DATE AND TIME OF LATEST TRANSACTION

  • control field: 20250213083329.0

008 - FIXED-LENGTH DATA ELEMENTS

  • fixed length control field: 250213|| aca||aabn | a|a d

040 ## - CATALOGING SOURCE

  • Original cataloging agency: OSt
  • Transcribing agency: OSt

100 ## - HEADING--PERSONAL NAME

  • Personal name: Grisalez, Fernando

670 ## - SOURCE DATA FOUND

  • Source citation: Work cat.: (OSt)30949: Museo de Arte Moderno (Bogotá, Colombia) 44076, La guerra que no hemos visto : un proyecto de memoria histórica =, 2009.